| 000 | 00560nam a22002057a 4500 | ||
|---|---|---|---|
| 003 | OSt | ||
| 005 | 20140310183120.0 | ||
| 008 | 130131t xxu||||| |||| 00| 0 eng d | ||
| 020 | _a9789710805884 | ||
| 050 |
_aPE 1130.F5 . _bOl52 |
||
| 082 |
_aFIL 415 _bC73 1982 |
||
| 245 |
_aCommunication skills in English : part I. _cOlonan, Zenaida A. |
||
| 260 |
_aManila : _bNational Book Store, _cc1982. |
||
| 300 |
_aix, 167 p. ; _c22 cm. |
||
| 521 | _acollege students | ||
| 526 | _c1210L-1700L | ||
| 541 | _j1 | ||
| 562 | _e1 | ||
| 942 |
_2lcc _cBK _kFIL |
||
| 999 |
_c18918 _d18918 |
||